TUERCAS Y TORNILLOS: UNA INTRODUCCION A LOS CONCEPTOS BASICOS DE LAS CIENCIAS SOCIALES/
TRADUCCION DE: NUTS AND BOTS
保存先:
| 第一著者: | |
|---|---|
| フォーマット: | 図書 |
| 版: | 4a edición |
| 主題: | |
| タグ: |
タグなし, このレコードへの初めてのタグを付けませんか!
|
MARC
| LEADER | 00000nam^a2200000^a^4500 | ||
|---|---|---|---|
| 001 | 000224212 | ||
| 005 | 20250521000000.0 | ||
| 009 | 20260310104041.259 | ||
| 020 | |a 84-7432-396-7 | ||
| 035 | |a 042791 | ||
| 037 | |a Acervo Xavier Clavigero | ||
| 082 | |a 300. 1 |b ELS | ||
| 100 | |a Elster, Jon |e (autor) | ||
| 245 | 1 | 0 | |a TUERCAS Y TORNILLOS: |b UNA INTRODUCCION A LOS CONCEPTOS BASICOS DE LAS CIENCIAS SOCIALES/ |c JON ELSTER; TR. ANTONIO BONANNO |
| 250 | |a 4a edición | ||
| 264 | |a BARCELONA : |b GEDISA, |c 1995 | ||
| 300 | |a 178p. | ||
| 336 | |a texto |b txt |2 rdacontenido | ||
| 337 | |a sin mediación |b n |2 rdamedio | ||
| 338 | |a volumen |b nc |2 rdasoporte | ||
| 520 | |a TRADUCCION DE: NUTS AND BOTS | ||
| 520 | |a INCLUYE BIBLIOGRAFIA E INDICE | ||
| 649 | |a XX | ||
| 650 | |a Ciencias Sociales | ||
| 910 | |a Fondo General | ||
| 920 | |a Impresos - Libros | ||
| 930 | |a Colección General | ||
| 905 | |a 101 | ||
| 901 | |a 042791 |b IT1 |c ACC |i 042791 |u 20250521 | ||
| 902 | |a https://opac.biblio.iteso.mx/vufind/Record/000224212 | ||